[Event "POL-chT3"]
[Site "Jastrzebia Gora POL"]
[Date "2015.??.??"]
[Round "5.74"]
[White "Chmiel, Marcin"]
[Black "Tustanowski, Robert"]
[Result "1-0"]
[WhiteElo "2086"]
[BlackElo "2226"]
[EventDate "2015.??.??"]
[WhiteTitle "I++"]
[BlackTitle "m"]

1.e4 d6 2.d4 Nf6 3.Nc3 Nbd7 4.g3 e5 5.Nge2 c6 6.Bg2 b5 7.a3 Bb7 8.O-O a5 
9.d5 Be7 10.h3 h5 11.Be3 Nb6 12.b3 O-O 13.dxc6 Bxc6 14.Qd3 b4 15.Nd5 Nbxd5
16.exd5 Bd7 17.c4 bxc3 18.Nxc3 Qb8 19.Rab1 g6 20.Qd2 Bf5 21.Rb2 Rc8 22.b4 
axb4 23.Rxb4 Qc7 24.Na4 Rcb8 25.Rc1 Qd8 26.Qb2 Rxb4 27.Qxb4 Qa5 28.Nb6 
Qxa3 29.Qc4 Re8 30.Qc6 Kg7 31.Rc4 Rf8 32.Ra4 Qb3 33.Ra7 Ng8 34.Rxe7 Nxe7 
35.Qxd6 Qd1+ 36.Kh2 Ng8 37.Qxe5+ f6 38.Qc7+ Rf7 39.Qc5 Nh6 40.d6 g5 41.Nd5
Qc2 42.Qa5 Be4 43.Nxf6 Rxf6 44.Qxg5+ Kf7 45.d7 Qd3 46.Bxe4 Qxd7 1-0

[Event "POL-chT3"]
[Site "Jastrzebia Gora POL"]
[Date "2015.??.??"]
[Round "5.75"]
[White "Szczesniak, Konrad"]
[Black "Miasik, Adrian"]
[Result "0-1"]
[WhiteElo "2156"]
[BlackElo "1754"]
[EventDate "2015.??.??"]
[WhiteTitle "k"]
[BlackTitle "I"]

1.d4 d5 2.Nf3 e6 3.Bf4 c5 4.c3 Nf6 5.e3 Nc6 6.Bd3 Bd6 7.Bg5 h6 8.Bh4 O-O 
9.Bb5 Be7 10.O-O Ne4 11.Bxe7 Qxe7 12.Bxc6 bxc6 13.Ne5 Qc7 14.f3 Nf6 15.Nd2
Nd7 16.f4 Nxe5 17.fxe5 Ba6 18.Rf4 cxd4 19.cxd4 Rab8 20.Qc2 Qb6 21.b3 Qb5 
22.Rc1 Rbc8 23.Nb1 Qd3 24.Qxd3 Bxd3 25.Nd2 Rc7 26.Rc5 Rb8 27.a4 Be2 28.Rc1
Rb6 29.Kf2 Bd3 30.Rc3 Bg6 31.Ke1 Kf8 32.Kd1 Ke7 33.Kc1 Kd8 34.Kb2 Rb8 35.
Rf1 Rb6 36.Rfc1 Kd7 37.Ka3 a5 38.Rc5 Ra7 39.R1c3 Bh7 40.g3 Bg6 41.Nf3 Be4 
42.Ng1 f5 43.h4 Bg2 44.Rc2 Be4 45.Rb2 Rb8 46.Nh3 Ra6 47.Nf4 Ke7 48.Ne2 g5 
49.hxg5 hxg5 50.Nc3 Rh8 51.b4 axb4+ 52.Rxb4 Rh3 53.Rb7+ Kd8 54.Nxe4 dxe4 
55.Rc2 Rh1 56.Ra2 Kc8 57.Rb3 Rg1 58.Rh2 Ra1+ 59.Kb2 R1xa4 60.Rh8+ Kc7 61.
Rh7+ Kc8 62.Re7 c5 63.dxc5 Rc4 64.Rb5 Rc6 65.Ra5 Kd8 66.Kb3 R4xc5 67.Rxc5 
Rxc5 68.Rxe6 Kd7 69.Rg6 g4 70.e6+ Ke7 71.Kb4 Re5 72.Kc4 Rxe6 73.Rg7+ Kf6 
74.Ra7 Rd6 75.Ra3 Rd1 76.Ra6+ Kg5 77.Ra3 Rg1 78.Kd4 Rxg3 79.Ra8 0-1

[Event "POL-chT3"]
[Site "Jastrzebia Gora POL"]
[Date "2015.??.??"]
[Round "5.76"]
[White "Ziemniak, Piotr"]
[Black "Siekaniec, Jan"]
[Result "0-1"]
[WhiteElo "1838"]
[BlackElo "2096"]
[EventDate "2015.??.??"]
[WhiteTitle "I"]
[BlackTitle "k"]

1.e4 c5 2.Nf3 d6 3.d4 cxd4 4.Nxd4 Nf6 5.Nc3 a6 6.Bc4 e6 7.Bb3 Be7 8.O-O 
O-O 9.f4 Qc7 10.Be3 b5 11.f5 b4 12.Na4 e5 13.Ne2 Bb7 14.Ng3 Nbd7 15.Qf3 
Bc6 16.c3 Qb7 17.cxb4 Nxe4 18.Nxe4 Bxe4 19.Qg3 Kh8 20.Nc3 Bc6 21.Rad1 Nf6 
22.a3 a5 23.Na2 Rac8 24.Rc1 Ne4 25.Qh3 d5 26.Bc2 d4 27.Bxe4 Bxe4 28.Bd2 
Bd5 29.Rxc8 Rxc8 30.f6 gxf6 31.Rc1 Rg8 32.g3 Bxa2 33.bxa5 Qxb2 34.Bh6 Be6 
35.Qf1 Rg6 36.Rb1 Qxa3 37.Rb8+ Rg8 38.Qb5 Bf8 39.Qe8 Rxg3+ 40.hxg3 Qxg3+ 
0-1

[Event "POL-chT3"]
[Site "Jastrzebia Gora POL"]
[Date "2015.??.??"]
[Round "5.77"]
[White "Tustanowski, Mateusz"]
[Black "Wasik, Roman"]
[Result "1-0"]
[WhiteElo "1922"]
[BlackElo "1531"]
[EventDate "2015.??.??"]
[WhiteTitle "I"]
[BlackTitle "II+"]

1.e4 d6 2.d4 g6 3.f4 Bg7 4.Nc3 Nf6 5.Nf3 O-O 6.Bd3 Bg4 7.h3 Bxf3 8.Qxf3 
Nfd7 9.e5 c6 10.Be3 Qc7 11.h4 Na6 12.a3 e6 13.h5 f5 14.exf6 Nxf6 15.hxg6 
h6 16.O-O-O d5 17.Qh3 Rae8 18.g4 Ne4 19.g5 Rxf4 20.gxh6 Nf2 21.Bxf2 Rxf2 
22.hxg7 Qxg7 23.Rdf1 Rxf1+ 24.Rxf1 Re7 25.Qh7+ Qxh7 26.gxh7+ Kg7 27.Rg1+ 
1-0

[Event "POL-chT3"]
[Site "Jastrzebia Gora POL"]
[Date "2015.??.??"]
[Round "5.78"]
[White "Wasik, Justyna"]
[Black "Kubicka, Anna"]
[Result "0-1"]
[WhiteElo "1369"]
[BlackElo "2171"]
[EventDate "2015.??.??"]
[WhiteTitle "I"]
[BlackTitle "m"]

1.Nf3 Nf6 2.c4 g6 3.d4 Bg7 4.Nc3 d6 5.e4 O-O 6.Be3 e5 7.Be2 Nbd7 8.d5 Ng4 
9.Qd2 Nxe3 10.Qxe3 a5 11.h4 h6 12.g3 Nc5 13.Nh2 f5 14.Rg1 Qf6 15.f3 Kh7 
16.O-O-O h5 17.g4 fxg4 18.Qf2 Qf4+ 19.Kb1 Nxe4 20.Qg2 Nxc3+ 21.bxc3 Bf5+ 
22.Kb2 e4 23.fxg4 Qe3 24.Rc1 hxg4 25.Bxg4 Ra6 26.a3 Rb6+ 27.Ka2 Bxc3 28.
Rc2 Be5 29.Bxf5 Qb3# 0-1

[Event "POL-chT3"]
[Site "Jastrzebia Gora POL"]
[Date "2015.??.??"]
[Round "5.79"]
[White "Kaczmarek, Aleksander"]
[Black "Steczek, Marcin"]
[Result "0-1"]
[WhiteElo "2294"]
[BlackElo "2353"]
[EventDate "2015.??.??"]
[WhiteTitle "FM"]
[BlackTitle "FM"]

1.e4 e6 2.Nf3 d5 3.e5 c5 4.b4 cxb4 5.a3 Nc6 6.axb4 Bxb4 7.c3 Be7 8.d4 Bd7 
9.Bd3 Na5 10.Na3 a6 11.O-O Rc8 12.Bd2 Qc7 13.Ne1 Bxa3 14.Rxa3 Nc4 15.Bxc4 
Qxc4 16.f4 Ne7 17.Rf3 h5 18.Nd3 Bb5 19.Kf2 Nf5 20.Nb2 Qc7 21.Rh3 g6 22.g4 
Ng7 23.Ra1 Kd7 24.Rc1 hxg4 25.Qxg4 Nf5 26.Kg2 Qa5 27.Rxh8 Rxh8 28.Qd1 Qa3 
29.Rb1 Qf8 30.Qh1 Qh6 31.Kg1 Be2 32.Qg2 Bf3 33.Qf2 Qh3 34.Rf1 Qg4+ 0-1

[Event "POL-chT3"]
[Site "Jastrzebia Gora POL"]
[Date "2015.??.??"]
[Round "5.80"]
[White "Meczynski, Waldemar"]
[Black "Bakalarz, Leszek"]
[Result "0-1"]
[WhiteElo "2106"]
[BlackElo "2124"]
[EventDate "2015.??.??"]
[WhiteTitle "k"]
[BlackTitle "FM"]

1.e4 c5 2.Nf3 d6 3.d4 cxd4 4.Nxd4 Nf6 5.Nc3 g6 6.Be3 Bg7 7.f3 O-O 8.Bc4 
Nc6 9.Qd2 Bd7 10.O-O-O Rc8 11.Bb3 Ne5 12.h4 Nc4 13.Bxc4 Rxc4 14.g4 Qa5 15.
Kb1 Rfc8 16.Nb3 Qa6 17.Bd4 e5 18.Be3 Bxg4 19.Qg2 Be6 20.h5 b5 21.hxg6 fxg6
22.Rdg1 R8c7 23.Bg5 Bf7 24.Bxf6 Bxf6 25.Qh3 Kf8 26.Nd5 Bxd5 27.exd5 Rh4 
28.Qe6 Kg7 29.Rxh4 Bxh4 30.f4 Qb6 31.Rf1 exf4 32.Rxf4 Re7 33.Qg4 Re1+ 34.
Nc1 Qe3 35.a3 Rxc1+ 36.Ka2 Bf6 37.Re4 Ra1+ 0-1

[Event "POL-chT3"]
[Site "Jastrzebia Gora POL"]
[Date "2015.??.??"]
[Round "5.81"]
[White "Harazinska, Ewa"]
[Black "Swiatnicki, Andrzej"]
[Result "1-0"]
[WhiteElo "2055"]
[BlackElo "2109"]
[EventDate "2015.??.??"]
[WhiteTitle "WFM"]
[BlackTitle "k"]

1.d4 d5 2.c4 c6 3.Nf3 Nf6 4.Nc3 Qb6 5.Qc2 Bg4 6.cxd5 Nxd5 7.e4 Nxc3 8.bxc3
Bxf3 9.gxf3 Qc7 10.f4 e6 11.Bd3 Nd7 12.c4 g6 13.Be3 Bg7 14.e5 f5 15.Ke2 
Nb6 16.Rhb1 O-O 17.d5 cxd5 18.Bxb6 axb6 19.cxd5 Qxc2+ 20.Bxc2 exd5 21.Rxb6
d4 22.Bb3+ Kh8 23.Rd1 Rfd8 24.Rxb7 Rac8 25.Rb4 g5 26.Rbxd4 Rxd4 27.Rxd4 
gxf4 28.Rxf4 Bxe5 29.Rxf5 Bxh2 30.a4 Re8+ 31.Kf3 Kg7 32.Rf7+ Kg6 33.Kg2 
Be5 34.f4 Bb2 35.f5+ Kg5 36.Be6 h5 37.a5 Be5 38.a6 Ra8 39.Bc4 Bd4 40.Rd7 
Bb6 41.f6 Kh6 42.f7 Kg7 43.Rd6 Be3 44.Re6 Bd4 45.Re8 1-0

[Event "POL-chT3"]
[Site "Jastrzebia Gora POL"]
[Date "2015.??.??"]
[Round "5.82"]
[White "Walaszczyk, Witold"]
[Black "Jedras, Piotr"]
[Result "0-1"]
[WhiteElo "2143"]
[BlackElo "2030"]
[EventDate "2015.??.??"]
[WhiteTitle "k"]
[BlackTitle "I+"]

1.d4 Nf6 2.Nf3 c5 3.dxc5 e6 4.g3 Bxc5 5.Bg2 Nc6 6.O-O d5 7.a3 a5 8.Nc3 O-O
9.Bf4 Nh5 10.Bg5 f6 11.Bc1 f5 12.e3 Nf6 13.b3 Bd7 14.Bb2 Qe7 15.Nb5 Rad8 
16.Nbd4 Bd6 17.Nxc6 Bxc6 18.Ne5 Bb5 19.Re1 Qc7 20.Nf3 Be8 21.Nd4 Qe7 22.
Qe2 Ne4 23.Qd3 Kh8 24.c4 Nc5 25.Qc2 dxc4 26.Qxc4 e5 27.Nb5 Bf7 28.Qc3 Bb8 
29.a4 Rd3 30.Qc2 Bxb3 31.Qb1 Rfd8 32.Ba3 b6 33.Bxc5 Qxc5 34.Bf1 Bc2 35.Qa2
Rd2 36.Rac1 Qb4 37.Rxc2 Rxc2 38.Qxc2 Qxe1 39.Qxf5 Qd1 40.Kg2 Qd5+ 41.e4 
Qc5 42.Qg5 Rf8 43.Qd2 Qb4 44.Qc2 Bd6 45.Nxd6 Qxd6 46.Bb5 Qd4 47.Qe2 g6 48.
h4 Kg7 49.Bc6 Rc8 50.Bb5 Rc1 51.Qf3 Qd1 52.Qxd1 Rxd1 53.f4 Kf6 54.g4 exf4 
0-1

[Event "POL-chT3"]
[Site "Jastrzebia Gora POL"]
[Date "2015.??.??"]
[Round "5.83"]
[White "Koziej, Maciej"]
[Black "Smagalski, Jaroslaw"]
[Result "1-0"]
[WhiteElo "1985"]
[BlackElo "1889"]
[EventDate "2015.??.??"]
[WhiteTitle "I++"]
[BlackTitle "I"]

1.f4 Nc6 2.Nf3 d5 3.e3 Nf6 4.d4 Bg4 5.c4 e6 6.Nc3 Bb4 7.Be2 O-O 8.O-O a6 
9.h3 Bxf3 10.Bxf3 Qd7 11.Qd3 Be7 12.Bd2 Rad8 13.Rad1 Nb4 14.Qe2 dxc4 15.
Qxc4 b5 16.Qe2 c5 17.dxc5 Bxc5 18.Ne4 Qe7 19.Nxc5 Qxc5 20.a3 Nbd5 21.Kh1 
Rfe8 22.e4 Ne7 23.Bb4 Qc7 24.Qe3 Ng6 25.e5 Nd5 26.Bxd5 exd5 27.Qf3 Qc2 28.
Rxd5 Qxb2 29.Bd6 Qa2 30.Rfd1 Rc8 31.f5 Nh4 32.Qg4 Rc4 33.R5d4 Rxd4 34.Rxd4
Nxf5 35.Rf4 Nxd6 36.exd6 Qa1+ 37.Kh2 Qe5 1-0

[Event "POL-chT3"]
[Site "Jastrzebia Gora POL"]
[Date "2015.??.??"]
[Round "5.84"]
[White "Bukowska, Katarzyna"]
[Black "Harazinska, Magdalena"]
[Result "1/2-1/2"]
[WhiteElo "1923"]
[BlackElo "1819"]
[EventDate "2015.??.??"]
[WhiteTitle "k++"]
[BlackTitle "I++"]

1.e4 c5 2.Nf3 e6 3.d4 cxd4 4.Nxd4 Qb6 5.Nc3 Bc5 6.Na4 Qa5+ 7.c3 Bxd4 8.
Qxd4 e5 9.Qc5 Qxc5 10.Nxc5 Nf6 11.f3 b6 12.Nd3 Nc6 13.Bg5 h6 14.Bh4 d6 15.
Rd1 Be6 16.Nc1 Ke7 17.Bb5 Na5 18.b3 a6 19.Bd3 b5 20.O-O Rac8 21.Ne2 g5 22.
Bg3 Nh5 23.Be1 Nb7 24.Bd2 Nc5 25.Be3 Nxd3 26.Rxd3 Nf4 27.Nxf4 gxf4 28.Bb6 
f5 29.Rfd1 Rc6 30.Ba5 fxe4 31.fxe4 Bf7 32.Bb4 Rd8 33.g3 fxg3 34.Rxg3 Rg8 
35.Rxg8 Bxg8 36.Kf2 Bf7 37.Ke3 Be6 38.Rd2 Bf7 39.Rd1 Be6 40.Rd2 Bf7 
1/2-1/2

[Event "POL-chT3"]
[Site "Jastrzebia Gora POL"]
[Date "2015.??.??"]
[Round "5.85"]
[White "Krzywda, Andrzej"]
[Black "Marszalek, Maciej"]
[Result "0-1"]
[WhiteElo "2113"]
[BlackElo "2330"]
[EventDate "2015.??.??"]
[WhiteTitle "k"]
[BlackTitle "m"]

1.d4 Nf6 2.c4 g6 3.Nc3 Bg7 4.e4 d6 5.Nf3 O-O 6.Be2 Nbd7 7.O-O e5 8.Re1 c6 
9.Bf1 a5 10.Rb1 exd4 11.Nxd4 Nc5 12.f3 Nh5 13.Be3 f5 14.exf5 gxf5 15.Qd2 
Be5 16.f4 Bg7 17.Rbd1 Qc7 18.Nf3 Bxc3 19.Qxc3 Ne4 20.Qc2 Be6 21.Nd4 Rae8 
22.Be2 Nhf6 23.Bf3 Bd7 24.Kh1 c5 25.Nb5 Bxb5 26.cxb5 b6 27.a3 Qd7 28.Bf2 
Qxb5 29.Bh4 d5 30.h3 Qc6 31.Kh2 h6 32.b3 Qd6 33.g3 Qe6 34.Qd3 d4 35.b4 
axb4 36.axb4 Nd5 37.bxc5 bxc5 38.Ra1 Ne3 39.Ra6 Nd6 40.Rb1 Rb8 41.Rab6 
Rxb6 42.Rxb6 Qa2+ 43.Kg1 Ndc4 44.Rb7 Nd2 45.Qe2 Qa1+ 46.Kf2 Nxf3 47.Kxf3 
Qh1+ 48.Kf2 Qxb7 0-1

[Event "POL-chT3"]
[Site "Jastrzebia Gora POL"]
[Date "2015.??.??"]
[Round "5.86"]
[White "Weissbein, Thomas"]
[Black "Zgadzaj, Rafal"]
[Result "0-1"]
[WhiteElo "2260"]
[BlackElo "2115"]
[EventDate "2015.??.??"]
[WhiteTitle "k+"]
[BlackTitle "k"]

1.e4 d6 2.d4 Nf6 3.Nc3 g6 4.Nf3 Bg7 5.Be2 O-O 6.O-O c6 7.a4 Qc7 8.h3 Nbd7 
9.Be3 Re8 10.Qd2 b6 11.Bh6 Bh8 12.Rfe1 a6 13.Bf1 e6 14.Bf4 e5 15.dxe5 dxe5
16.Bh6 Bb7 17.Rad1 Rad8 18.Qd6 Qc8 19.Qa3 Bg7 20.Bxg7 Kxg7 21.Bc4 h6 22.
Qa2 Re7 23.b4 Nf8 24.Qa1 Rxd1 25.Rxd1 Qc7 26.Rd3 Ne6 27.Bxe6 Rxe6 28.Qd1 
Qe7 29.b5 axb5 30.axb5 cxb5 31.Nd5 Bxd5 32.exd5 Rd6 33.Qe2 e4 34.Rd4 Qc7 
35.Ne1 Qc5 36.Qe3 Rxd5 37.Rxd5 Qxe3 38.fxe3 Nxd5 39.Kf2 Nc3 40.g3 g5 41.
Ng2 Kf6 42.Ke1 Ke5 43.Kd2 b4 44.Ne1 f5 45.Ng2 Nd5 46.h4 Nf6 47.hxg5 hxg5 
48.Kc1 Kd5 49.Kb2 Kc4 50.Ne1 Nh5 51.g4 fxg4 52.Ng2 g3 53.Ne1 Nf4 54.exf4 
gxf4 55.Ng2 f3 56.Ne3+ Kc5 0-1

[Event "POL-chT3"]
[Site "Jastrzebia Gora POL"]
[Date "2015.??.??"]
[Round "5.87"]
[White "Malecki, Rafal"]
[Black "Widla, Piotr"]
[Result "0-1"]
[WhiteElo "2090"]
[BlackElo "2009"]
[EventDate "2015.??.??"]
[WhiteTitle "k+"]
[BlackTitle "I++"]

1.e4 c5 2.Nf3 d6 3.d4 cxd4 4.Nxd4 a6 5.Nc3 Nf6 6.h3 b5 7.Bd3 Bb7 8.a3 e6 
9.O-O Be7 10.Be3 O-O 11.f4 Nbd7 12.Qf3 Nc5 13.b4 Ncd7 14.a4 Rc8 15.Nde2 
bxa4 16.g4 d5 17.e5 Qc7 18.exf6 Bxf6 19.Bd2 Bxc3 20.Bxc3 d4 21.Bxh7+ Kxh7 
22.Qd3+ f5 23.Qxd4 Nf6 24.g5 Qc6 25.Kf2 Ne4+ 26.Ke1 Nxc3 27.g6+ Kg8 28.Qf2
0-1

[Event "POL-chT3"]
[Site "Jastrzebia Gora POL"]
[Date "2015.??.??"]
[Round "5.88"]
[White "Szewczyk, Grzegorz"]
[Black "Szajda, Marcin"]
[Result "0-1"]
[WhiteElo "1989"]
[BlackElo "2061"]
[EventDate "2015.??.??"]
[WhiteTitle "I++"]
[BlackTitle "I++"]

1.d4 Nf6 2.c4 g6 3.Nc3 d6 4.e4 Bg7 5.Nf3 O-O 6.Be2 Nbd7 7.O-O e5 8.Re1 h6 
9.Bf1 Re8 10.d5 Nh7 11.Qc2 Rf8 12.Rb1 a5 13.a3 f5 14.b4 axb4 15.axb4 f4 
16.c5 g5 17.cxd6 cxd6 18.Nb5 g4 19.Nd2 g3 20.Nf3 Ng5 21.Nxg5 hxg5 22.hxg3 
fxg3 23.Be3 Nf6 24.Bxg5 Qd7 25.Bh4 gxf2+ 26.Bxf2 Ng4 27.Bh4 Rxf1+ 28.Rxf1 
Qxb5 29.Qc7 Bd7 30.Qxd6 Ra2 31.Qg6 Ra6 32.Qf7+ Kh7 33.Be7 Qb6+ 34.Bc5 Qh6 
35.Rf3 Qh2+ 36.Kf1 Qh1+ 37.Bg1 Bb5+ 38.Ke1 Qxg1+ 39.Kd2 Ra2+ 40.Kc3 Qd4+ 
0-1

[Event "POL-chT3"]
[Site "Jastrzebia Gora POL"]
[Date "2015.??.??"]
[Round "5.89"]
[White "Sztwiertnia, Jan Krzysztof"]
[Black "Popiol, Michal"]
[Result "1-0"]
[WhiteElo "2109"]
[BlackElo "1931"]
[EventDate "2015.??.??"]
[WhiteTitle "k"]
[BlackTitle "II+"]

1.e4 e6 2.d4 d5 3.Nc3 Nf6 4.e5 Nfd7 5.Nce2 c5 6.c3 Nc6 7.f4 f6 8.Nf3 Be7 
9.Ng3 O-O 10.Bd3 cxd4 11.cxd4 fxe5 12.fxe5 Qb6 13.a3 g6 14.Ne2 Rxf3 15.
gxf3 Nxd4 16.Be3 Nc2+ 17.Bxc2 Qxe3 18.Qd4 Qxe5 19.Qxe5 Nxe5 20.O-O Nc4 21.
b4 Bf6 22.Ra2 Bd7 23.a4 Kg7 24.f4 Rc8 25.Rf3 e5 26.fxe5 Bxe5 27.Bb3 Be6 
28.Rd3 a6 29.Nd4 Bf7 30.Re2 Bd6 31.Ne6+ Kg8 32.Rxd5 Bxe6 33.Rxe6 Bxb4 34.
Rd7 b5 35.Rxa6 Kh8 36.axb5 Bc5+ 37.Kg2 Ne3+ 38.Kf3 Rb8 39.Rc6 Bb6 40.Be6 
Nf5 41.Bxf5 gxf5 42.Rh6 1-0

[Event "POL-chT3"]
[Site "Jastrzebia Gora POL"]
[Date "2015.??.??"]
[Round "5.90"]
[White "Wesolowska, Hanna"]
[Black "Chmiel, Dominika"]
[Result "0-1"]
[WhiteElo "1994"]
[BlackElo "2146"]
[EventDate "2015.??.??"]
[WhiteTitle "WFM"]
[BlackTitle "m"]

1.d4 Nf6 2.Nf3 g6 3.c4 Bg7 4.Nc3 O-O 5.e4 d6 6.Be2 Na6 7.O-O c5 8.d5 Nc7 
9.h3 Rb8 10.Qc2 a6 11.a4 b6 12.e5 dxe5 13.Nxe5 Nfxd5 14.Nc6 Nb4 15.Nxb4 
cxb4 16.Rd1 Qe8 17.Nd5 Nxd5 18.cxd5 Bf5 19.Qb3 a5 20.Be3 Qd8 21.Bf4 Rc8 
22.Rd2 e5 23.dxe6 Bxe6 24.Qe3 Qf6 25.Bd6 Rfe8 26.Bb5 Bd7 27.Qxb6 Bxb5 28.
Qxb5 Bh6 29.Rdd1 Qxb2 30.Qxa5 b3 31.Qb5 Re2 32.Bg3 Qc2 33.Re1 b2 34.Rab1 
Rxe1+ 35.Rxe1 Qd2 36.Re8+ Rxe8 37.Qxe8+ Bf8 0-1

[Event "POL-chT3"]
[Site "Jastrzebia Gora POL"]
[Date "2015.??.??"]
[Round "5.91"]
[White "Pulik, Krzysztof"]
[Black "Lapaj, Mateusz"]
[Result "1-0"]
[WhiteElo "2137"]
[BlackElo "2133"]
[EventDate "2015.??.??"]
[WhiteTitle "k"]
[BlackTitle "k+"]

1.e4 c5 2.c3 e6 3.d4 d5 4.exd5 Qxd5 5.Na3 Nf6 6.Nb5 Na6 7.Nf3 Be7 8.Be2 
O-O 9.O-O cxd4 10.Nbxd4 b6 11.c4 Qd6 12.Nb5 Qb8 13.Bg5 Bb7 14.Qc1 Qc8 15.
Qf4 Nc5 16.Nc3 Qc6 17.b4 Nce4 18.Nxe4 Qxe4 19.Qxe4 Bxe4 20.Bd2 Rfd8 21.
Rfd1 Rac8 22.Rac1 Bb7 23.Be1 Rxd1 24.Rxd1 Bxf3 25.gxf3 Kf8 26.Kf1 Ke8 27.
Bc3 Nh5 28.Ke1 Bf6 29.Bxf6 Nxf6 30.Kd2 Ke7 31.Ke3 b5 32.cxb5 Nd5+ 33.Kd4 
Nxb4 34.a3 Nd5 35.Rg1 g6 36.Bc4 Nf4 37.Rb1 Kd6 38.a4 f5 39.Re1 Ng2 40.
Rxe6+ Kd7 41.Rf6 Re8 42.Ra6 Ne1 43.Rxa7+ Kd6 44.Ra6+ Kc7 45.Bd5 Re2 46.b6+
Kd7 47.b7 Rb2 48.Ra8 Kc7 49.Rc8+ 1-0

[Event "POL-chT3"]
[Site "Jastrzebia Gora POL"]
[Date "2015.??.??"]
[Round "5.92"]
[White "Pinkas, Karol"]
[Black "Skomial, Mateusz"]
[Result "1-0"]
[WhiteElo "2227"]
[BlackElo "2025"]
[EventDate "2015.??.??"]
[WhiteTitle "IM"]
[BlackTitle "I++"]

1.e4 e5 2.Nc3 Nc6 3.f4 d6 4.Bb5 a6 5.Bxc6+ bxc6 6.Nf3 exf4 7.O-O Ne7 8.d4 
Ng6 9.d5 c5 10.Ne2 Be7 11.Nxf4 O-O 12.c4 Rb8 13.b3 Bf6 14.Rb1 Ne5 15.Nh5 
Nxf3+ 16.Qxf3 Bd4+ 17.Be3 Be5 18.Bf4 Bd4+ 19.Kh1 Qh4 20.Bg3 Qe7 21.Bf2 Be5
22.Ng3 g6 23.Be3 Bg7 24.Bf4 Bd7 25.Rbe1 Rbe8 26.Qe3 f6 27.Qd2 h5 28.Bh6 
Kh7 29.Bxg7 Kxg7 30.Qf4 Qe5 31.Qh4 Rf7 32.Rf2 Rh8 33.Qf4 Qxf4 34.Rxf4 h4 
35.Nf1 g5 36.Rf2 Re7 37.Nd2 h3 38.g3 f5 39.Rfe2 Rhe8 40.Kg1 fxe4 41.Rxe4 
Rxe4 42.Rxe4 Kf6 43.Rxe8 Bxe8 44.Kf2 Kf5 45.Ke3 Bh5 46.Ne4 Bf7 47.Nf2 g4 
48.Nd3 a5 49.Nf4 Ke5 50.Kd3 Be8 51.Ke3 c6 52.Nd3+ Kf5 53.dxc6 Bxc6 54.Nb2 
Bf3 55.Na4 Ke5 56.Nc3 Bc6 57.Ne2 Bd7 58.Nc3 Bf5 59.Nd1 Be6 60.Nf2 Bd7 61.
Nd3+ Kf5 62.a3 Bc6 63.b4 cxb4 64.axb4 a4 65.b5 Be4 66.Nb4 Bb7 67.Kd4 Ke6 
68.Kc3 Ke5 69.Nd3+ Ke4 70.c5 d5 71.c6 Ba8 72.c7 d4+ 73.Kd2 1-0

[Event "POL-chT3"]
[Site "Jastrzebia Gora POL"]
[Date "2015.??.??"]
[Round "5.93"]
[White "Kopczyk, Daniel"]
[Black "Garbowski, Jakub"]
[Result "1-0"]
[WhiteElo "2133"]
[BlackElo "2049"]
[EventDate "2015.??.??"]
[WhiteTitle "k"]
[BlackTitle "I+"]

1.e4 e5 2.Nf3 Nc6 3.Bc4 Nf6 4.d3 Bc5 5.c3 a6 6.b4 Ba7 7.Bg5 d6 8.Nbd2 h6 
9.Bh4 g5 10.Bg3 Qe7 11.a4 Nd8 12.Qb3 c6 13.b5 Ne6 14.b6 Nc5 15.Qb1 Bb8 16.
O-O O-O 17.Re1 Be6 18.d4 Ncd7 19.a5 g4 20.Nh4 d5 21.exd5 cxd5 22.dxe5 dxc4
23.exf6 Qxf6 24.Ne4 Qg7 25.Nd6 Nc5 26.Nhf5 Qg5 27.Bh4 Bxf5 28.Nxf5 Qf4 29.
g3 Qd2 30.Rd1 Qxc3 31.Ne7+ Kh8 32.Nd5 Qf3 33.Bf6+ Kg8 34.Ne7# 1-0

[Event "POL-chT3"]
[Site "Jastrzebia Gora POL"]
[Date "2015.??.??"]
[Round "5.94"]
[White "Siedlinski, Piotr"]
[Black "Wozniak, Maciej"]
[Result "1/2-1/2"]
[WhiteElo "2072"]
[BlackElo "2087"]
[EventDate "2015.??.??"]
[WhiteTitle "k"]
[BlackTitle "k"]

1.e4 e5 2.Nf3 Nc6 3.Bb5 a6 4.Bxc6 dxc6 5.d4 exd4 6.Qxd4 Qxd4 7.Nxd4 Bd7 8.
Nc3 O-O-O 9.Be3 Bb4 10.Ne2 f5 11.e5 Re8 12.f4 Nf6 13.O-O-O Ng4 14.Bg1 g5 
15.h3 Nh6 16.g3 Rhg8 17.Be3 Nf7 18.a3 Bf8 19.Rd2 gxf4 20.gxf4 Bh6 21.Rd3 
Be6 22.Nd4 Bc4 23.Nxf5 Bxd3 24.cxd3 Rg2 25.d4 Bf8 26.Ne4 Nh6 27.Nfg3 Ng8 
28.Rf1 Ne7 29.f5 Nd5 30.Bg5 c5 31.e6 cxd4 32.Rf3 c5 33.Nf6 Nxf6 34.Bxf6 
Bh6+ 35.Kb1 Rh2 36.Ne4 Bf8 37.Be5 Rh1+ 38.Ka2 Re1 39.Nd6+ Bxd6 40.Bxd6 Rd8
41.Bxc5 d3 42.Bb4 d2 43.Bxd2 Rxd2 44.f6 Rxe6 45.f7 1/2-1/2

[Event "POL-chT3"]
[Site "Jastrzebia Gora POL"]
[Date "2015.??.??"]
[Round "5.95"]
[White "Bielawski, Michal"]
[Black "Rosicki, Marcin"]
[Result "1-0"]
[WhiteElo "2036"]
[BlackElo "1826"]
[EventDate "2015.??.??"]
[WhiteTitle "I+"]
[BlackTitle "I"]

1.d4 d5 2.c4 e6 3.Nc3 c6 4.Nf3 dxc4 5.e3 b5 6.a4 Bb4 7.Bd2 a5 8.axb5 Bxc3 
9.Bxc3 cxb5 10.b3 Bb7 11.bxc4 b4 12.Bd2 Nf6 13.Bd3 Nbd7 14.O-O O-O 15.Re1 
Ne4 16.Qc2 Ndf6 17.Ne5 Qc7 18.f3 Nxd2 19.Qxd2 Nd7 20.f4 Nxe5 21.fxe5 b3 
22.Reb1 a4 23.Qb4 Bc6 24.e4 Qa7 25.Qc3 Rfd8 26.Rxb3 Rxd4 27.Kh1 Qd7 28.
Rba3 Bxe4 29.Be2 Rd2 30.Qe3 Bc6 31.h3 Rd8 32.Bf3 Qc7 33.Qc5 Rc8 34.Rb1 h6 
35.Qxc6 Qxc6 36.Bxc6 Rxc6 37.Rxa4 Re2 38.Rb5 Re4 39.Ra8+ Kh7 40.Ra7 Rf4 
41.c5 Kg6 42.Rd7 Rf5 43.Rd6 Rc7 44.c6 Rf1+ 45.Kh2 Rc1 46.Rb6 Rc5 47.g4 
Rxe5 48.Rb7 Rxb7 49.cxb7 Rb5 50.Rd7 Rb3 51.Kg2 Kf6 52.Kf2 e5 53.Ke2 Ke6 
54.Rc7 g6 55.Kf2 Rb6 56.Rc6+ Rxc6 57.b8=Q Rc2+ 58.Ke1 Rh2 59.Qe8+ Kf6 60.
Qh8+ Ke6 61.Qxh6 Ra2 62.Qe3 Ra8 63.Qg1 Rh8 64.h4 f5 1-0

[Event "POL-chT3"]
[Site "Jastrzebia Gora POL"]
[Date "2015.??.??"]
[Round "5.96"]
[White "Guzik, Jolanta"]
[Black "Jurkiewicz, Zuzanna"]
[Result "1/2-1/2"]
[WhiteElo "1980"]
[BlackElo "1507"]
[EventDate "2015.??.??"]
[WhiteTitle "WFM"]
[BlackTitle "I"]

1.e4 d6 2.c4 Nf6 3.Nc3 Nbd7 4.g3 g6 5.Bg2 Bg7 6.d3 O-O 7.Nge2 c5 8.O-O Rb8
9.f4 a6 10.a4 b6 11.h3 Ne8 12.Be3 e6 13.Qd2 f5 14.Rab1 a5 15.g4 Nc7 16.Bf2
Bb7 17.gxf5 exf5 18.Nd5 Bxd5 19.exd5 Re8 20.Nc3 Qf6 21.Rfe1 Kf7 22.Re2 
Rxe2 23.Nxe2 Na6 24.Nc3 Nc7 25.Bf3 Re8 26.Kf1 Nb8 27.Ne2 Nba6 28.d4 Nb4 
29.dxc5 bxc5 30.Nc3 Qd8 31.Nb5 Nxb5 32.axb5 Bf6 33.b3 Re7 34.Re1 Rxe1+ 35.
Bxe1 Qe7 36.Qe2 Qxe2+ 37.Bxe2 Ke7 38.h4 Bd4 39.Bd2 h5 40.Kg2 Kd7 1/2-1/2

[Event "POL-chT3"]
[Site "Jastrzebia Gora POL"]
[Date "2015.??.??"]
[Round "5.97"]
[White "Zielinski, Maciej"]
[Black "Myc, Marcin"]
[Result "0-1"]
[WhiteElo "2125"]
[BlackElo "2315"]
[EventDate "2015.??.??"]
[WhiteTitle "I++"]
[BlackTitle "m"]

1.e4 c6 2.d4 d5 3.e5 c5 4.Nf3 cxd4 5.Nbd2 Nc6 6.Nb3 Bg4 7.Nbxd4 e6 8.Bb5 
Ne7 9.c3 Bxf3 10.Nxf3 a6 11.Bd3 Qc7 12.Qe2 Ng6 13.Bxg6 hxg6 14.O-O Rh5 15.
Re1 Be7 16.Bf4 O-O-O 17.b4 Rdh8 18.Bg3 Kb8 19.a4 Na7 20.b5 a5 21.Rec1 Rc8 
22.Nd2 Bh4 23.Bf4 Rf5 24.Qe3 Qe7 25.g4 Rxf4 26.Qxf4 Bg5 27.Qd4 Bxd2 28.
Qxd2 Rc4 29.f3 Nc8 30.Qe3 Qc7 31.b6 Nxb6 32.Kg2 Nxa4 33.h4 Nxc3 34.Ra3 d4 
35.Qe1 a4 36.h5 b5 37.hxg6 fxg6 38.f4 b4 39.Raa1 Qc6+ 40.Kh3 Qf3+ 41.Qg3 
Qxg3+ 42.Kxg3 Ne2+ 0-1

[Event "POL-chT3"]
[Site "Jastrzebia Gora POL"]
[Date "2015.??.??"]
[Round "5.98"]
[White "Lukasik, Adam"]
[Black "Zaleski, Lukasz"]
[Result "0-1"]
[WhiteElo "2003"]
[BlackElo "2052"]
[EventDate "2015.??.??"]
[WhiteTitle "I"]
[BlackTitle "k"]

1.Nf3 Nf6 2.c4 e6 3.Nc3 Bb4 4.g3 b6 5.Bg2 Bb7 6.O-O O-O 7.Qc2 d6 8.d3 Nbd7
9.e4 Bxc3 10.Qxc3 e5 11.b4 a5 12.a3 Kh8 13.Bd2 Ng8 14.Nh4 Ne7 15.Bh3 Nc6 
16.Be3 Bc8 17.Bg2 Nf6 18.h3 Bd7 19.b5 Ne7 20.d4 exd4 21.Bxd4 Ng6 22.Nxg6+ 
hxg6 23.e5 dxe5 24.Bxe5 Rc8 25.Rad1 Qe7 26.Rfe1 Be6 27.Rd2 Rfd8 28.Rde2 
Kg8 29.Bd4 Qd6 30.Rd2 Ne8 31.Be3 Qe7 32.Red1 Rxd2 33.Rxd2 Nd6 34.Rd4 Nf5 
35.Re4 Nxe3 36.Qxe3 Rd8 37.Rd4 Qf6 38.Rf4 Qa1+ 39.Kh2 Qd1 40.c5 g5 41.Re4 
Qd2 42.cxb6 Qxe3 43.Rxe3 cxb6 44.Rc3 Rc8 45.Rxc8+ Bxc8 46.Bc6 Kf8 47.Kg2 
Ke7 48.Kf3 Bxh3 49.Ke3 Bd7 50.Bxd7 Kxd7 51.Ke4 Kd6 52.Kd4 f5 53.f4 gxf4 
54.gxf4 Ke6 55.Kc4 a4 56.Kd4 Kf6 57.Kd5 g5 58.fxg5+ Kxg5 59.Kc6 f4 60.Kxb6
f3 61.Ka7 f2 62.b6 f1=Q 63.b7 Qf7 64.Kb6 Qf4 65.Ka7 Qc7 66.Ka8 Qa5+ 67.Kb8
Kf6 68.Kc8 Qc5+ 69.Kd7 Qb6 70.Kc8 Qc6+ 71.Kb8 Ke7 72.Ka7 Qc7 73.Ka8 Qa5+ 
74.Kb8 Kd6 75.Kc8 Qc7# 0-1

[Event "POL-chT3"]
[Site "Jastrzebia Gora POL"]
[Date "2015.??.??"]
[Round "5.99"]
[White "Bugalski, Michal"]
[Black "Kurpiewski, Slawomir"]
[Result "1-0"]
[WhiteElo "2162"]
[BlackElo "2020"]
[EventDate "2015.??.??"]
[WhiteTitle "k"]
[BlackTitle "k"]

1.c4 g6 2.Nf3 Bg7 3.g3 d6 4.Bg2 Nf6 5.O-O O-O 6.Nc3 Nc6 7.d3 a6 8.Rb1 Rb8 
9.b4 Nh5 10.Bd2 Ne5 11.Nxe5 dxe5 12.b5 axb5 13.cxb5 Bd7 14.Qc2 Nf6 15.Rfc1
c5 16.b6 c4 17.dxc4 Bf5 18.e4 Bd7 19.Nd5 Kh8 20.a4 Ng8 21.a5 e6 22.Nc7 f5 
23.c5 Bc8 24.c6 bxc6 25.a6 Bxa6 26.Nxa6 Rxb6 27.Ba5 Rxb1 28.Bxd8 Rxc1+ 29.
Qxc1 Rxd8 30.Qxc6 Rd1+ 31.Bf1 Rd4 32.Nc5 fxe4 33.Nxe6 1-0